000 01071nam a22002417a 4500
999 _c19825
_d19825
003 AR-CdUCM
008 190511b ||||| |||| 00| 0 spa d
040 _aMUNICIPALIDAD PROVINCIAL DEL CUSCO
_cBIBLIOTECA MUNICIPAL DEL CUSCO
041 _hger
082 _a379.38 /
_bJ14
100 _aJaeger, Werner
_94825
245 _aPaideia :
_blos ideales de la cultura Griega /
260 _aMéxico :
_bFondo de Cultura Económica,
_c1945.
300 _aIII, 402 páginas ;
_c24 cm.
505 _aContenido: t.1: La primera Grecia -- Noble y areté -- Cultura y educación de la nobleza homérica -- Homero, el educador -- Hesíodo y la vida campesina -- La educación del estado de Esparta -- El estado jurídico y su ideal ciudadano --t.2: La busca del centro divino -- t.3: El conflicto de los ideales de cultura en el siglo IV.
650 _aEducación
_9460
650 _aGrecia
_92521
650 _aLiteratura griega
_919082
650 _aCivilización
_91048
700 _aRoces, Wenceslao (traducción)
_98038
942 _2ddc
_cLIBROS
945 _adavv
_d2019-05-22